000 00865cab a22002055a 4500
001 L152593
008 110331e20110107xxk 000 0 eng d
035 _a(Sirsi) u152593
100 1 _aHatcher, David
245 0 0 _aProperty's fortunes foretold
260 _c2011
490 0 _aProperty Week
_v77(1) 7 January 2011, 26-29(4)
520 _aSummarises the predictions of leading property experts for 2011 on four big themes: banks; London; government and policy; and the regions. Concludes with the key points of King Sturge's 2011 predictions on offices, retail, development, logistics and investment.
590 _aKA
651 4 _aUnited Kingdom
_y
690 _aPROPERTY-COMMERCIAL PROPERTY-COMMERCIAL PROPERTY MARKET
690 _aPROPERTY-COMMERCIAL PROPERTY-COMMERCIAL PROPERTY FINANCE AND INVESTMENT
700 1 _aSandher, Hardeep
942 _n0
999 _c83013
_d83013